Vybrané špecifiká marketingovej stratégie v ére dynamického rozvoja informačno-komunikačných technológií

Využitie internetu v marketingovej stratégii firiem v novej ekonomike. Potreba vytvorenia konkrétnej koncepcie zaradenia internetovej marketingovej stratégie do firemnej stratégie. Analýzy možností využitia internetu v podnikaní. Internet verzus klasické médiá. Obchodné modely na internete.

Saved in:
Bibliographic Details
Main Author: Pásztorová, Jana, 1960-
Format: Book Chapter
Language:Slovak
Subjects:
Tags: Add Tag
No Tags, Be the first to tag this record!

MARC

LEADER 00000naa$a2200000$$$4500
001 0050109
005 20240502071557.8
041 0 |a slo 
044 |a SK 
245 1 0 |a Vybrané špecifiká marketingovej stratégie v ére dynamického rozvoja informačno-komunikačných technológií  |c Jana Pásztorová 
520 |a Využitie internetu v marketingovej stratégii firiem v novej ekonomike. Potreba vytvorenia konkrétnej koncepcie zaradenia internetovej marketingovej stratégie do firemnej stratégie. Analýzy možností využitia internetu v podnikaní. Internet verzus klasické médiá. Obchodné modely na internete. 
610 2 0 |a internet 
610 2 0 |a technológie informačné 
610 2 0 |a technológie komunikačné 
610 2 0 |a technológie nové 
610 2 0 |a stratégia marketingová 
610 2 0 |a stratégia podniková 
610 2 0 |a modely 
610 2 0 |a obchod 
100 1 |a Pásztorová, Jana, 1960-